000 00342nam a2200145Ia 4500
008 230711s9999||||xx |||||||||||||| ||und||
041 _aENG
082 _a677
_bWI-W
100 _aWIRA
245 0 _aWIRA collected papers: Rapier looms 
260 _c1982
_aNew Delhi
_bWIRA
300 _a100p.
650 _aTextile Engineering
942 _cBK
999 _c3678
_d3678